000 00645nam a2200277Ia 4500
005 20260324122336.0
008 008 260324s9999 xx 000 0 eng d
020 _a9780203470305
037 _aEBOOK
040 _aCRL
040 _beng
040 _cCRL
041 _2eng
041 _aeng
084 _qCRL
100 _aAnthony McFarlane
_91166077
245 0 _aWar and Independence In Spanish America
260 _bTaylor and Francis
260 _c2013
365 _a
365 _b230
856 _uhttp://www.taylorfrancis.com/books/9780203470305
942 _cEBOOK
999 _c1758739
_d1758739